[Event "GER-ch53 V06 email"]
[Site "GER email"]
[Date "2021.04.21"]
[Round "?"]
[White "Maetzig, Ralf"]
[Black "Billinger, Werner"]
[Result "1-0"]
[WhiteElo "2161"]
[BlackElo "2121"]
[PlyCount "46"]
[EventDate "2021.04.21"]
[EventType "tourn (corr)"]
[EventRounds "10"]
[EventCountry "GER"]
[SourceTitle "Corr 2024"]
[Source "ChessBase"]
[SourceDate "2023.10.19"]
[SourceVersion "1"]
[SourceVersionDate "2023.10.19"]
[SourceQuality "1"]

1. d4 Nf6 2. c4 e6 3. Nf3 d5 4. Nc3 c6 5. g3 dxc4 6. Bg2 Nbd7 7. 0-0 b5 8. e4 Bb7 9. Qc2 Be7 10. a4 a6 11. Ng5 b4 12. Ne2 c5 13. d5 exd5 14. exd5 Qc8 15. Re1 0-0 16. Nf4 h6 17. Rxe7 hxg5 18. Ng6 Re8 19. Bxg5 fxg6 20. Rae1 Rxe7 21. Rxe7 Nxd5 22. Bxd5+ Bxd5 23. Qxg6 Kf8 1-0